[Event "HUN-chT4 1617"]
[Site "Hungary"]
[Date "2016.10.02"]
[Round "1.3"]
[White "Nagy, Istvan"]
[Black "Nemeth, Balint"]
[Result "0-1"]
[WhiteElo "1765"]
[BlackElo "1866"]
[PlyCount "86"]
[EventDate "2016.10.02"]
[EventType "team-tourn"]
[EventRounds "7"]
[EventCountry "HUN"]
[SourceTitle "EXT 2019"]
[Source "ChessBase"]
[SourceDate "2018.10.10"]
[SourceVersion "1"]
[SourceVersionDate "2018.10.10"]
[SourceQuality "1"]

1. e4 e5 2. Nf3 Nc6 3. Bb5 a6 4. Ba4 Nf6 5. 0-0 Be7 6. Re1 b5 7. Bb3 0-0 8. d4 d6 9. dxe5 Nxe5 10. Nxe5 dxe5 11. f3 Nh5 12. Be3 Nf4 13. Nc3 Bb4 14. Qxd8 Rxd8 15. Red1 Bb7 16. Bxf4 exf4 17. Nd5 Bd6 18. Nc3 Be5 19. Rxd8+ Rxd8 20. Rd1 Rxd1+ 21. Nxd1 Kf8 22. Kf1 Ke7 23. Ke2 g5 24. c3 c5 25. a3 h5 26. Ba2 g4 27. c4 Bc8 28. cxb5 axb5 29. Bd5 Ba6 30. b4 c4 31. Kd2 g3 32. h3 Bc8 33. Ke2 c3 34. Bb3 Bd7 35. Bc2 h4 36. Bb3 f6 37. Bc2 Be6 38. Bd3 Bb3 39. Nxc3 Bxc3 40. Bxb5 Bb2 41. Kd3 Bxa3 42. Kc3 Be6 43. Bd3 Bxh3 0-1

[Event "Level op-A 4th"]
[Site "Level"]
[Date "2016.03.15"]
[Round "7"]
[White "Gombocz, Ferenc Jr"]
[Black "Nemeth, Balint"]
[Result "1-0"]
[WhiteElo "1796"]
[BlackElo "1798"]
[PlyCount "143"]
[EventDate "2016.03.11"]
[EventType "swiss"]
[EventRounds "7"]
[EventCountry "HUN"]
[SourceTitle "EXT 2017"]
[Source "ChessBase"]
[SourceDate "2016.10.25"]
[SourceVersion "1"]
[SourceVersionDate "2016.10.25"]
[SourceQuality "1"]

1. d4 Nf6 2. Nf3 c5 3. d5 d6 4. Nc3 Bf5 5. Nh4 Qc8 6. Nxf5 Qxf5 7. e3 e6 8. Bd3 Qe5 9. f4 Qh5 10. Bb5+ Nbd7 11. Qxh5 Nxh5 12. dxe6 fxe6 13. g4 Nhf6 14. g5 Ng8 15. Bd2 0-0-0 16. 0-0-0 Nb6 17. Ne2 d5 18. Ba5 Rd6 19. Ng3 Rd8 20. Rd2 Ne7 21. Rhd1 g6 22. Bc3 Rg8 23. Bf6 c4 24. Bd4 Kc7 25. Bxb6+ Kxb6 26. Bxc4 Bg7 27. Be2 Rc8 28. Bg4 Rc6 29. Kb1 Rgc8 30. Ne2 Nf5 31. Bxf5 gxf5 32. Nd4 Rd6 33. Rd3 a6 34. h4 Rg8 35. Rg1 Kc7 36. Rd2 Kd7 37. Rdg2 Ke7 38. h5 Rd7 39. Nf3 d4 40. exd4 Bxd4 41. Nxd4 Rxd4 42. Rf1 Kf7 43. c3 Rd3 44. Rgg1 Rgd8 45. Kc1 Rh3 46. Rh1 Rdd3 47. Rxh3 Rxh3 48. Rd1 Ke7 49. h6 Rg3 50. Rd4 e5 51. Rd5 exf4 52. Re5+ Kd6 53. Rxf5 f3 54. Kd2 Rg2+ 55. Ke3 Rxb2 56. Kxf3 Rxa2 57. g6 hxg6 58. Rh5 Rc2 59. h7 Rxc3+ 60. Ke2 Rc8 61. h8Q Rxh8 62. Rxh8 a5 63. Rh6 Kc5 64. Rxg6 b5 65. Kd2 Kb4 66. Kc2 Ka3 67. Rg3+ Ka4 68. Kb2 b4 69. Rg5 b3 70. Rg4+ Kb5 71. Kxb3 Ka6 72. Ka4 1-0

[Event "HUN-chT4a 1516"]
[Site "Hungary"]
[Date "2016.02.06"]
[Round "6.4"]
[White "Nemeth, Balint"]
[Black "Lukacsi, Zsolt"]
[Result "1-0"]
[WhiteElo "1762"]
[BlackElo "1642"]
[PlyCount "59"]
[EventDate "2015.10.17"]
[EventType "team-tourn"]
[EventRounds "8"]
[EventCountry "HUN"]
[SourceTitle "EXT 2019"]
[Source "ChessBase"]
[SourceDate "2018.10.10"]
[SourceVersion "1"]
[SourceVersionDate "2018.10.10"]
[SourceQuality "1"]

1. e4 e5 2. Nf3 Nc6 3. Bb5 a6 4. Ba4 d6 5. 0-0 f5 6. exf5 Bxf5 7. Re1 Be7 8. Nc3 Nf6 9. Bb3 Na5 10. h3 Nxb3 11. axb3 0-0 12. d3 Qe8 13. Bg5 c6 14. d4 h6 15. dxe5 hxg5 16. exd6 Rd8 17. Rxe7 Qxe7 18. dxe7 Rxd1+ 19. Rxd1 Re8 20. Rd2 g4 21. hxg4 Bxg4 22. Ne5 Bf5 23. Rd8 Bxc2 24. g4 g5 25. f4 Kh7 26. fxg5 Rxe7 27. gxf6 Rc7 28. f7 Rxf7 29. Nxf7 Bxb3 30. Ne5 1-0

[Event "HUN-chT2 Szechenyi 1516"]
[Site "Hungary"]
[Date "2015.12.06"]
[Round "6.12"]
[White "Nemeth, Balint"]
[Black "Egri, Zsolt"]
[Result "1-0"]
[WhiteElo "1703"]
[BlackElo "1740"]
[PlyCount "49"]
[EventDate "2015.09.13"]
[EventType "team-tourn"]
[EventRounds "11"]
[EventCountry "HUN"]
[SourceTitle "CBM 170 Extra"]
[Source "ChessBase"]
[SourceDate "2016.02.25"]
[SourceVersion "1"]
[SourceVersionDate "2016.02.25"]
[SourceQuality "1"]
[WhiteTeam "Gyor Elektromos"]
[BlackTeam "Sarvar"]
[WhiteTeamCountry "HUN"]
[BlackTeamCountry "HUN"]

1. e4 e5 2. Nf3 Nc6 3. Bb5 a6 4. Ba4 Bc5 5. 0-0 d6 6. h3 Nge7 7. c3 Bd7 8. d4 exd4 9. cxd4 Bb6 10. Nc3 0-0 11. Bg5 h6 12. Bh4 Qe8 13. Re1 Ba5 14. Re3 Ng6 15. Bb3 Nce7 16. e5 Nxh4 17. Nxh4 dxe5 18. Rxe5 Bb4 19. Nd5 Bd6 20. Nxe7+ Bxe7 21. Ng6 Be6 22. Nxf8 Bxf8 23. d5 Bd6 24. dxe6 fxe6 25. Rxe6 1-0

[Event "HUN-chT4 Chalupetzky 1516"]
[Site "Fertoszentmiklos"]
[Date "2015.10.11"]
[Round "1.6"]
[White "Lukacsi, Zsolt"]
[Black "Nemeth, Balint"]
[Result "0-1"]
[WhiteElo "1670"]
[BlackElo "1703"]
[PlyCount "50"]
[EventDate "2015.10.11"]
[EventType "team-tourn"]
[EventRounds "7"]
[EventCountry "HUN"]
[SourceTitle "EXT 2017"]
[Source "ChessBase"]
[SourceDate "2016.10.25"]
[SourceVersion "1"]
[SourceVersionDate "2016.10.25"]
[SourceQuality "1"]
[WhiteTeam "Toltestava Tornado"]
[BlackTeam "Level KSE"]
[WhiteTeamCountry "HUN"]
[BlackTeamCountry "HUN"]

1. e4 e5 2. Bc4 Nf6 3. Nc3 Bc5 4. Nf3 d6 5. h3 0-0 6. 0-0 Nc6 7. d3 h6 8. Be3 Bb6 9. a3 Be6 10. Nd5 Nd7 11. Nh2 Na5 12. Ba2 Nc6 13. Ng4 Kh7 14. c3 Ne7 15. a4 c6 16. Nxb6 axb6 17. f4 exf4 18. Bxf4 Nc5 19. b4 Bxg4 20. hxg4 Nxa4 21. Bxf7 Nxc3 22. Rxa8 Qxa8 23. Qc2 Rxf7 24. Qxc3 Qf8 25. Rf2 Rxf4 0-1

[Event "HUN-ch U14"]
[Site "Balatonlelle"]
[Date "2015.06.22"]
[Round "6"]
[White "Boa, Bence"]
[Black "Nemeth, Balint"]
[Result "1-0"]
[WhiteElo "1725"]
[BlackElo "1617"]
[PlyCount "85"]
[EventDate "2015.06.18"]
[EventType "swiss"]
[EventRounds "9"]
[EventCountry "HUN"]
[SourceTitle "CBM 167 Extra"]
[Source "ChessBase"]
[SourceDate "2015.09.14"]
[SourceVersion "1"]
[SourceVersionDate "2015.09.14"]
[SourceQuality "1"]

1. d4 Nf6 2. Nf3 d5 3. e3 e6 4. Bd3 c5 5. c3 Nc6 6. Nbd2 Bd6 7. Qe2 0-0 8. 0-0 b6 9. e4 dxe4 10. Nxe4 cxd4 11. Nxf6+ gxf6 12. Qe4 f5 13. Qxc6 Rb8 14. Nxd4 Bb7 15. Qc4 Rc8 16. Qb3 Qh4 17. f4 Kh8 18. Be2 Bc5 19. Be3 Rg8 20. Bf3 Bxf3 21. Rxf3 Rg6 22. Raf1 Rcg8 23. Qc2 Rh6 24. g3 Rhg6 25. Qf2 Qe7 26. b4 Bd6 27. Re1 h5 28. Nxf5 Qd8 29. Nxd6 Qxd6 30. Qd2 Qe7 31. f5 Rg4 32. f6 Qc7 33. Bf4 Qb7 34. Re5 R4g5 35. Rxg5 Rxg5 36. Rd3 Rg6 37. Rd7 Qe4 38. Rxf7 h4 39. Rf8+ Rg8 40. Rxg8+ Kxg8 41. Qd8+ Kf7 42. Qe7+ Kg6 43. Qg7+ 1-0

[Event "HUN-ch U14"]
[Site "Balatonlelle"]
[Date "2015.06.19"]
[Round "2"]
[White "Kovacs, Gabor Etele"]
[Black "Nemeth, Balint"]
[Result "1/2-1/2"]
[WhiteElo "1851"]
[BlackElo "1617"]
[PlyCount "49"]
[EventDate "2015.06.18"]
[EventType "swiss"]
[EventRounds "9"]
[EventCountry "HUN"]
[SourceTitle "CBM 167 Extra"]
[Source "ChessBase"]
[SourceDate "2015.09.14"]
[SourceVersion "1"]
[SourceVersionDate "2015.09.14"]
[SourceQuality "1"]

1. e4 e5 2. Nf3 Nc6 3. Bb5 a6 4. Bxc6 dxc6 5. 0-0 f6 6. d4 exd4 7. Nxd4 c5 8. Nb3 Qxd1 9. Rxd1 Bg4 10. f3 Bd7 11. Bf4 0-0-0 12. Nc3 c4 13. Na5 Bc5+ 14. Kh1 b5 15. a4 Ne7 16. axb5 Bxb5 17. Rxd8+ Rxd8 18. Nxb5 axb5 19. c3 Bb6 20. h3 Kd7 21. Kh2 Ra8 22. Nb3 Rxa1 23. Nxa1 Ng6 24. Bd2 Ne5 25. f4 1/2-1/2

[Event "HUN-chT4a 1415"]
[Site "Hungary"]
[Date "2015.03.08"]
[Round "6.3"]
[White "Nemeth, Balint"]
[Black "Balogh, Akos"]
[Result "1-0"]
[WhiteElo "1560"]
[BlackElo "1646"]
[PlyCount "47"]
[EventDate "2014.10.19"]
[EventType "team-tourn"]
[EventRounds "7"]
[EventCountry "HUN"]
[SourceTitle "EXT 2016"]
[Source "ChessBase"]
[SourceDate "2015.10.08"]
[SourceVersion "1"]
[SourceVersionDate "2015.10.08"]
[SourceQuality "1"]

1. e4 g6 2. d4 Bg7 3. Nf3 d6 4. Bc4 Nc6 5. Ng5 e6 6. d5 exd5 7. Qxd5 Be6 8. Nxe6 fxe6 9. Qxe6+ Qe7 10. Nc3 Bxc3+ 11. bxc3 Qxe6 12. Bxe6 Nf6 13. f3 Ke7 14. Bb3 Ne5 15. 0-0 h6 16. f4 Ned7 17. e5 dxe5 18. fxe5 Nxe5 19. Ba3+ c5 20. Bxc5+ Kd7 21. Rxf6 Rae8 22. Rd1+ Kc8 23. Be6+ Rxe6 24. Rxe6 1-0

[Event "World ol U16"]
[Site "Gyor"]
[Date "2014.12.18"]
[Round "6.4"]
[White "Nemeth, Balint"]
[Black "Nazarova, Anastasia"]
[Result "1/2-1/2"]
[WhiteElo "1560"]
[BlackElo "1850"]
[PlyCount "117"]
[EventDate "2014.12.13"]
[EventType "team-swiss"]
[EventRounds "10"]
[EventCountry "HUN"]
[SourceTitle "EXT 2016"]
[Source "ChessBase"]
[SourceDate "2015.10.08"]
[SourceVersion "1"]
[SourceVersionDate "2015.10.08"]
[SourceQuality "1"]
[WhiteTeam "Gyor"]
[BlackTeam "Finland"]
[WhiteTeamCountry "HUN"]
[BlackTeamCountry "FIN"]

1. e4 c5 2. Nf3 g6 3. c3 Bg7 4. d4 cxd4 5. cxd4 d5 6. exd5 Nf6 7. Nc3 0-0 8. Bc4 Nbd7 9. d6 exd6 10. 0-0 Nb6 11. Bb3 h6 12. Bf4 a6 13. Re1 Nh5 14. Be3 Kh7 15. Qc2 f5 16. d5 Nd7 17. Bd4 Nhf6 18. Re2 Re8 19. Rae1 Rxe2 20. Qxe2 b5 21. Qe7 Qf8 22. Re6 Qxe7 23. Rxe7 Kg8 24. Re6 b4 25. Ne2 a5 26. Rxd6 a4 27. Bd1 Kf7 28. b3 a3 29. Bc2 Bf8 30. Rc6 Nxd5 31. Bd3 Bb7 32. Rc1 Ke8 33. Bc4 Rc8 34. Re1 Kd8 35. Ne5 Nxe5 36. Bxe5 Nb6 37. Rd1+ Ke8 38. Bb5+ Bc6 39. Bd3 Nd7 40. Bd4 Nc5 41. Bc4 Ne4 42. Re1 Kd7 43. Nf4 Kc7 44. Nxg6 Bd6 45. Ne5 Bxe5 46. Bxe5+ Kb7 47. Bd3 Rd8 48. Bxe4 fxe4 49. Bf4 h5 50. g3 Rd3 51. Rc1 Bd5 52. Bd6 Bxb3 53. Bxb4 Bxa2 54. Ra1 Bd5 55. Bxa3 Kc6 56. Rc1+ Kd7 57. Bc5 Ke6 58. Be3 Kd7 59. Ra1 1/2-1/2

[Event "HUN-chT4 1314"]
[Site "Hungary"]
[Date "2014.03.16"]
[Round "8.1"]
[White "Lakatos, Attila"]
[Black "Nemeth, Balint"]
[Result "0-1"]
[WhiteElo "1719"]
[BlackElo "1544"]
[PlyCount "64"]
[EventDate "2013.10.13"]
[EventType "team-tourn"]
[EventRounds "11"]
[EventCountry "HUN"]
[SourceTitle "EXT 2016"]
[Source "ChessBase"]
[SourceDate "2015.10.08"]
[SourceVersion "1"]
[SourceVersionDate "2015.10.08"]
[SourceQuality "1"]

1. e4 c5 2. Bc4 e6 3. d3 Nc6 4. a3 Nf6 5. Nc3 Be7 6. h3 d5 7. exd5 exd5 8. Bb5 Bd7 9. Qf3 d4 10. Ne4 Qa5+ 11. Bd2 Qxb5 12. b3 Nxe4 13. Qxe4 0-0 14. Nf3 Rfe8 15. 0-0 Bg5 16. Qxe8+ Rxe8 17. Bxg5 h6 18. Bd2 Qb6 19. Rae1 Qd8 20. Rxe8+ Bxe8 21. Re1 Bd7 22. Ne5 Nxe5 23. Rxe5 b6 24. c3 Qf6 25. cxd4 cxd4 26. Re4 Bf5 27. Rf4 Qe5 28. Rf3 Qe2 29. Rxf5 Qxd2 30. Rd5 Qxd3 31. b4 Qc3 32. b5 d3 0-1